000 00295nam a22001337a 4500
008 170922b xxu||||| |||| 00| 0 eng d
020 _a9780669393248
041 _aeng
080 _a37
100 _a46
101 _aEDU
245 _aSTIRRING UP THINKING
_cJOHANSON.B.E
942 _2udc
_cBK
999 _c29147
_d29147